| 000 | 00486nam a2200169Ia 4500 | ||
|---|---|---|---|
| 008 | 220216s9999 xx 000 0 und d | ||
| 100 | _aMartin R | ||
| 245 | 0 | _aWhite root rot (Leptoporus lignosus) of rubber on lower ivory Coast | |
| 260 |
_bJournal of the Rubber Research Institute of Malaya _c1969 |
||
| 300 | _a96-106 | ||
| 650 | _aLeptoporus lignosus | ||
| 650 | _aLower Ivory Coast | ||
| 650 | _aRubber | ||
| 650 | _aWhite root rot | ||
| 700 | _aDuplessix C J | ||
| 942 | _cJS | ||
| 999 |
_c72402 _d72402 |
||